Mirror thinking : how role models make us human /

Parents, friends, teachers, relatives, and even work colleagues - from the people close to us to those we never even meet - other people are constantly shaping who we are. The mirror neuron is a part of the brain that has shaped each and every one of us throughout our lifetimes. It is the very essen...

Full description

Bibliographic Details
Main Author: Murden, Fiona (Author)
Format: eBook
Language:English
Published: London : Bloomsbury Sigma, [2020]
Series:Bloomsbury Sigma series.
Subjects:
Online Access:Connect to the full text of this electronic book

MARC

Tag First Indicator Second Indicator Subfields
LEADER 00000cam a2200000 i 4500
001 in00004542521
006 m o d
007 cr cn|||||||||
008 200626s2020 enka ob ||1 0 eng d
005 20251219163738.2
019 |a 1158227464  |a 1159405177  |a 1165388262 
020 |a 9781472975799  |q (Electronic book (EPUB format)) 
020 |a 1472975790  |q (Electronic book (EPUB format)) 
020 |z 9781472975805  |q (print) 
035 |a (OCoLC)on1203561554 
035 |a (OCoLC)1203561554  |z (OCoLC)1158227464  |z (OCoLC)1159405177  |z (OCoLC)1165388262 
040 |a NLW  |b eng  |c NLW  |d YDX  |d EBLCP  |d UKAHL  |d N$T  |d OCLCF  |d OCLCO  |d OCLCQ  |d OCLCO  |d CLOUD  |d OCLCQ  |d OCLCL 
050 4 |a WL 102.5  |b M974m 2020eb 
100 1 |a Murden, Fiona,  |e author. 
245 1 0 |a Mirror thinking :  |b how role models make us human /  |c Fiona Murden. 
264 1 |a London :  |b Bloomsbury Sigma,  |c [2020] 
264 4 |c ©2020 
300 |a 1 online resource :  |b illustrations 
336 |a text  |b txt  |2 rdacontent 
337 |a computer  |b c  |2 rdamedia 
338 |a online resource  |b cr  |2 rdacarrier 
490 1 |a Bloomsbury sigma series 
504 |a Includes bibliographical references and index. 
520 |a Parents, friends, teachers, relatives, and even work colleagues - from the people close to us to those we never even meet - other people are constantly shaping who we are. The mirror neuron is a part of the brain that has shaped each and every one of us throughout our lifetimes. It is the very essence of what makes us human, but most of us have never even heard of it. Mirror Thinking explores how the mirror neuron has defined us through the role models we observe and interact with. All of the learning we take from our world is down to our brain's mirror system, but it doesn't stop there. This incredible system is also responsible for our emotional connections with others, how we pass on learning between the generations through stories, and how we imagine and innovate within our own minds. 
650 0 |a Mirror neurons. 
650 0 |a Role models. 
650 0 |a Imitation. 
650 0 |a Motor neurons. 
650 2 |a Imitative Behavior. 
650 2 |a Mirror Neurons. 
650 2 |a Motor Neurons. 
830 0 |a Bloomsbury Sigma series. 
856 4 0 |u https://ebookcentral.proquest.com/lib/tamum-ebooks/detail.action?docID=6219898  |z Connect to the full text of this electronic book  |t 0 
948 |h HELD BY TMV - 56 OTHER HOLDINGS 
994 |a Z0  |b TMV 
999 f f |s ef0de63c-4b01-3c2f-868b-46a78bba62cf  |i 3aeb6889-2249-3c69-bfbc-f20c6e3b360b  |t 0 
952 f f |a Texas A&M University  |b College Station  |c Electronic Resources  |s WWW MSL Ebooks  |d Available Online  |t 0  |e WL 102.5 M974m 2020eb  |h National Library of Medicine classification